00345nam a22000977a 4500020001800000082001300018100001800031245014400049260004500193300000900238 a9789697502073 a330.5491 aAzam Chaudhry aEconomic challenges facing Pakistan in the regional and global environment 2017-2019cAzam Chaudhry and Theresa Thompson Chaudhry (Editors) aLahorebLahore School of Economicsc2019 a378p